1596 1012 1158 1836 1089 1531 1374 1169 1687 1520 1846 1593 1690 1894 1991 1686 1923 1579 1853 1824 1904 1144 1817 1403 1281 1826 1639 1453 1109 1470 1205 1686 1855 1210 1680 1649 1388 1862 1107 1709 1187 1515 1954 1154 1315 1163 1782 1649 1114 1343 1893 1377 1786 1485 1504 1282 1728 1517 1766 1745 1297 1602 1757 1715 1109 1665 1050 1281 1281 1730 1960 1476 1810 1369 1665 1657 1020 1039 1509 1648 1812 1619 1355 1698 1666 1422 1440 1312 1891 1826 1795 1517 1741 1592 1310 1868 1553 1984 1385 BCNSPRNW ULIB Ver.6.0+V

เปลี่ยนเป็นภาษาไทย

Change to English
 แสดงรายละเอียดบรรณานุกรม
  กลับหน้าหลัก

Brief Record : Get Marc (ISO 2709) : E-mail record : QR code < ปิดหน้าต่าง
LEADER : 00000nam 2200000uu 4500
001    13399109056
003     ULIB
008    110321s2549||||th 000 0 tha d
020    9749457609
050  4 KPT68^bน435ค 2549
100 0  นัยนา เกิดวิชัย
245 10 ความรู้เบื้องต้นเกี่ยวกับกฎหมาย /^cนัยนา เกิดวิชัย
250    พิมพ์ครั้งที่ 1
260    กรุงเทพฯ :^bเอ็กซ์เปอร์เน็ท,^c2549
300    ฏ, 276 หน้า ;^c26 ซม.
500    เอกสารตำราหลักประกอบการเรียนการสอนหลักสูตรรัฐประศาสนศาสตบัณฑิต สาขาการปกครองท้องถิ่น "วิชา ความรู้เบื้องต้นเกี่ยวกับกฎหมายทั่วไป" (Introduction to law)
650  7 กฎหมาย^zไทย
650  7 กฎหมาย^xการศึกษาและการสอน
650  7 กฎหมายแพ่ง
650  7 กฎหมายอาญา
945    ^p270^l0^i029828
945    ^p270^l0^i029827
995    เกษร
999 ^a ใช้งานได้ทุกระบบ
รายการนี้ยังไม่มีแท็ก
คุณยังไม่ได้ล็อกอิน คุณสามารถมีกิจกรรมร่วมกับเว็บไซต์ได้ แต่ต้องล็อกอินก่อน ::
  ล็อกอิน

รายการสื่อสารสนเทศ

ลำดับที่ ประเภท เลขเรียก/บาร์โค้ด สถานที่ สถานะ
- ไม่พบข้อมูล -

รายการใกล้เคียง
    ผู้แต่ง [นัยนา เกิดวิชัย]

    หัวเรื่อง [กฎหมายแพ่ง]
    หัวเรื่อง [กฎหมายอาญา]

BibComment


ยังไม่เคยถูกคอมเมนท์

คอมเมนท์ทรัพยากรรายการนี้
  คอมเมนท์: ความรู้เบื้องต้นเ..


 Copyright 2026. Bcnsprnw @Library